Central Library OPAC University of Rajshahi

Alexander Pope / (Record no. 18694)

MARC details
000 -LEADER
fixed length control field 00798cam a2200265 i 4500
001 - CONTROL NUMBER
control field 18694
003 - CONTROL NUMBER IDENTIFIER
rucl marc code BD-RjUL
005 - DATE AND TIME OF LATEST TRANSACTION
control field 20211209000324.0
008 - FIXED-LENGTH DATA ELEMENTS--GENERAL INFORMATION
fixed length control field 140222s1978 enk b 001 0 eng
020 ## - INTERNATIONAL STANDARD BOOK NUMBER
International Standard Book Number 0710089902 :
035 ## - SYSTEM CONTROL NUMBER
System control number (BD-RjUL)18752
040 ## - CATALOGING SOURCE
Original cataloging agency DLC
Transcribing agency DLC
Modifying agency DLC
-- BD-RjUL
Language of cataloging eng
041 ## - LANGUAGE CODE
Language code of text/sound track or separate title eng
082 00 - DEWEY DECIMAL CLASSIFICATION NUMBER
Classification number 821.5
Author mark and year FRA 1978
100 1# - MAIN ENTRY--PERSONAL NAME
Personal name Fraser, G. S.
Fuller form of name (George Sutherland),
Dates associated with a name 1915-
9 (RLIN) 52113
245 00 - TITLE STATEMENT
Title Alexander Pope /
Statement of responsibility, etc. by George S. Fraser.
260 ## - PUBLICATION, DISTRIBUTION, ETC. (IMPRINT)
Place of publication, distribution, etc. London ;
-- Boston :
Name of publisher, distributor, etc. Routledge and Paul,
Date of publication, distribution, etc. 1978.
300 ## - PHYSICAL DESCRIPTION
Pagination x, 134 p. ;
Size 22 cm.
504 ## - BIBLIOGRAPHY, ETC. NOTE
Bibliography, etc Bibliography: p. 124-128 and index.
600 10 - SUBJECT ADDED ENTRY--PERSONAL NAME
Personal name Pope, Alexander,
Dates associated with a name 1688-1744.
650 #0 - SUBJECT ADDED ENTRY--TOPICAL TERM
Topical term or geographic name as entry element Poets, English
Chronological subdivision 18th century
General subdivision Biography.
9 (RLIN) 57589
942 ## - ADDED ENTRY ELEMENTS (KOHA)
Source of classification or shelving scheme Dewey Decimal Classification
Koha item type Books
Holdings
Lost status Source of classification or shelving scheme Damaged status Not for loan Collection code Permanent Location Current Location Shelving location Date acquired Source of acquisition Cost, normal purchase price Total Checkouts Full call number Date last seen Date checked out Copy number Koha item type
  Dewey Decimal Classification     Non-fiction Central Library, University of Rajshahi Central Library, University of Rajshahi   05/01/1986 Tappam & Co. 11.15 1 821.5 FRA 1978 28/06/2022 13/06/2022 C-2 Books
  Dewey Decimal Classification     Non-fiction Central Library, University of Rajshahi Central Library, University of Rajshahi   05/01/1986 Tulip 11.15   821.5 FRA 1978 27/02/2014   C-3 Books
  Dewey Decimal Classification   Not For Loan Non-fiction Central Library, University of Rajshahi Central Library, University of Rajshahi Reading Room 05/01/1986 Toppan co. 11.15   821.5 FRA 1978 02/03/2020   C-1 Books